Ömür şiirleri (Record no. 10793)

MARC details
000 -BAŞLIK
Sabit Uzunlukta Kontrol Alanı 00713na a2200241 4500
001 - KONTROL NUMARASI
Denetim Alanı 24292
003 - KONTROL NUMARASI IDENTIFIER
Denetim Alanı MIRAKIL
005 - SON İŞLEM TARİHİ VE ZAMANI
Denetim Alanı 20181213155333.0
008 - SABİT-BOY VERİ ELEMANLARI - GENEL BİLGİLER
Sabit Uzunlukta Kontrol Alanı 180909b tu 000 0
020 ## - ULUSLARARASI STANDART KİTAP NUMARASI
Uluslararası Standart Kitap Numarası 9789752469327
040 ## - KATALOGLAMA KAYNAK
Orijinal Kataloglama Ajansı Milas
Kataloglama Dili tur
Metne Dönüştürmek Ajansı TR-AnCHP
041 ## - DİL KODU
Metin / Ses Parça Veya Ayrı Başlığın Dil Kodu tur
082 ## - DEWEY ONLU SINIFLANDIRMA NUMARASI
Sınıflandırma Numarası 811.42
Ürün Numarası G95ö 2017
090 ## - SINIFLAMA NUMARASI
Sınıflama Numarası 811.42 G95ö 2017
100 ## - ANA GİRİŞ - KİŞİSEL İSİM
Kişisel Ad Güneş, Aslan
245 ## - BAŞLIK TABLOSU
Başlık Ömür şiirleri
Başlığın Kalan Mutluluk ve üzüntülerin sızıntıları
Sorumluluk Tablosu, Vb Aslan Güneş
246 ## - UNVAN FORM VARYING
Başlık Doğru / Kısa Başlığı Mutluluk ve üzüntülerin sızıntıları
260 ## - YAYIN, DAĞITIM, VB
Yayın, Dağıtım, Vb Yeri Ankara
Yayıncı, Dağıtıcı, Vs Adı Murat Kitabevi
Yayın, Dağıtım, Vb Tarihi 2017
300 ## - FİZİKSEL TANIM
Kapsam 120 s.
Boyutlar 19 sm.
650 ## - KONU KATMA GİRİŞ - TOPİKAL DÖNEM
Topikal Süreli Veya Coğrafi Ad Giriş Elemanı Türk edebiyatı
Genel Alt Bölümü Şiir
740 ## - KATMA GİRİŞ - KONTROLSUZ İLGİLİ / ANALİTİK BAŞLIK
Kontrol Edilmeyen / İlgili Analitik Başlıktaki Mutluluk ve üzüntülerin sızıntıları
942 ## - EKLENDİ GİRİŞ ELEMANLARI (KOHA)
Sınıflandırma Veya Raf Düzeni Kaynak Dewey Decimal Classification
Koha Öğesi Türü Books
999 ## - SİSTEM KONTROL NUMARALARI (KOHA)
Koha Biblionumber 10793
Koha Biblioitemnumber 10793
Holdings
Kalıcı Konum Mevcut Konum Edinme Tarihi Edinim Kaynak Toplam Check-Out'Lar Tam Çağrı Numarası Barkod Tarih Son Görülme Tarihi Geçen Teslim İtibaren Geçerli Fiyatlar Koha Öğesi Türü
CHP Kütüphanesi CHP Kütüphanesi 09/09/2018 Bağış 1 811.42 G95ö 2017 018373 10/02/2020 09/18/2020 09/09/2018 Books